La vie comme Elva /

সংরক্ষণ করুন:
গ্রন্থ-পঞ্জীর বিবরন
প্রধান লেখক: Nozière, Jean-Paul (লেখক)
বিন্যাস: গ্রন্থ
ভাষা:ফরাসি
প্রকাশিত: [France] : Thierry Magnier, c2005
মালা:Roman
ট্যাগগুলো: ট্যাগ যুক্ত করুন
কোনো ট্যাগ নেই, প্রথমজন হিসাবে ট্যাগ করুন!

MARC

LEADER 00000nam a22000007i 4500
001 IT\ICCU\UBO\3690302
003 ItRI
005 20260115231839.0
008 090917s2005 fr |||||| ||||| |||||c
020 |a 2844203744 
040 |b ita  |c importazione bologna sebina 
041 7 |a fre  |2 ISO-639-2 
100 1 |a Nozière, Jean-Paul  |0 IT\ICCU\TO0V\283834  |4 aut 
245 1 3 |a La vie comme Elva /  |c Jean-Paul Noziere ; illustration de coverture d'Antoine Guilloppé. 
260 |a [France] :  |b Thierry Magnier,  |c c2005 
300 |a 173 p. ;  |c 21 cm. 
830 0 |a Roman  |0 IT\ICCU\UBO\3662258 
942 |2 ddc  |c BK  |n 0 
952 |0 0  |1 0  |4 0  |6 R_843_920000000000000_NOZ  |7 0  |9 14155  |a BO  |b BO  |d 2026-01-15  |i 13081  |l 0  |o R 843.92 NOZ  |p BO13081  |r 2026-01-15 23:18:39  |w 2026-01-15  |x [Sebina 5] [1 v.]  |y BK  |z 1 v. 
999 |c 12212  |d 12212